书目信息 |
| 题名: |
中国内部地理与企业出口行为研究
|
|
| 作者: | 宋涛 , 沈倩岭 , 丁昭 著 | |
| 分册: | ||
| 出版信息: | 成都 西南财经大学出版社 2019.08 |
|
| 页数: | 145页 | |
| 开本: | 24cm | |
| 丛书名: | ||
| 单 册: | ||
| 中图分类: | F752.62 | |
| 科图分类: | ||
| 主题词: | 企业管理--qi ye guan li--出口贸易--研究--中国 | |
| 电子资源: | ||
| ISBN: | 978-7-5504-3893-4 | |
| 000 | 01105nam0 2200277 450 | |
| 001 | 2358002439 | |
| 005 | 20231125160721.44 | |
| 010 | @a978-7-5504-3893-4@dCNY65.00 | |
| 100 | @a20191028d2019 em y0chiy50 ea | |
| 101 | 0 | @achi@deng |
| 102 | @aCN@b510000 | |
| 105 | @aak a 000yy | |
| 106 | @ar | |
| 200 | 1 | @a中国内部地理与企业出口行为研究@Azhong guo nei bu di li yu qi ye chu kou xing wei yan jiu@d= China's internal geography and firm's export performance@f宋涛, 沈倩岭, 丁昭著@zeng |
| 210 | @a成都@c西南财经大学出版社@d2019.08 | |
| 215 | @a145页@c图@d24cm | |
| 320 | @a有书目 (第131-145页) | |
| 330 | @a本书内容包括: 文献综述 ; 中国工业经济空间地理概况 ; 内部地理与出口行为理论 ; 内部地理与出口目的的国选择 ; 内部地理与国别出口强度 ; 结论、政策与展望。 | |
| 510 | 1 | @aChina's internal geography and firm's export performance@zeng |
| 606 | 0 | @a企业管理@Aqi ye guan li@x出口贸易@x研究@y中国 |
| 690 | @aF752.62@v5 | |
| 701 | 0 | @a宋涛@Asong tao@4著 |
| 701 | 0 | @a沈倩岭@Ashen qian ling@4著 |
| 701 | 0 | @a丁昭@Ading zhao@4著 |
| 801 | @aCN@b山东中教@c20231121 | |
| 905 | @aBZT@dF752.62@e1 | |
| 中国内部地理与企业出口行为研究= China's internal geography and firm's export performance/宋涛, 沈倩岭, 丁昭著.-成都:西南财经大学出版社,2019.08 |
| 145页:图;24cm |
| ISBN 978-7-5504-3893-4:CNY65.00 |
| 本书内容包括: 文献综述 ; 中国工业经济空间地理概况 ; 内部地理与出口行为理论 ; 内部地理与出口目的的国选择 ; 内部地理与国别出口强度 ; 结论、政策与展望。 |
| ● |
| 相关链接 |
|
|
|
正题名:中国内部地理与企业出口行为研究
索取号:F752.62/1
 
预约/预借
| 序号 | 登录号 | 条形码 | 馆藏地/架位号 | 状态 | 备注 |
| 1 | 2001048797 | 2001048797 | 中教第一批/山东中教(第一批)/693/ [索取号:F752.62/1] | 在馆 |